000 01044nam a2200289 a 4500
999 _c56878
_d56878
001 2113062
005 20190604201201.0
008 960401s1995 ilua b 001 0 eng
010 _a 96132119
020 _a0256119031
040 _aDLC
_cDLC
050 0 0 _aHF5681.W3
_bC37 1996
082 0 0 _a657/.74
_220
100 1 _aCarse, Timothy F.
_92070
245 1 0 _aPayroll accounting :
_ba practical approach /
_cTimothy F. Carse, Jeffrey Slater.
250 _a1995-1996 ed.
260 _aChicago :
_bIrwin,
_cc1996.
300 _axv, 512 p. :
_bill. ;
_c31 cm.
504 _aIncludes bibliographical references and index.
650 0 _aWages
_xAccounting.
_92071
653 _aსახელფასო ბუღალტერია პრაქტიკული მიდგომა
653 _aბუღალტერია
700 1 _aSlater, Jeffrey,
_d1947-
_92072
906 _a7
_bcbc
_corignew
_d2
_encip
_f19
_gy-gencatlg
942 _2udc
_cBK
955 _apb21 04-01-96 to cat.; se40 06-27-96; se55 07-03-96; se50 07-16-96